LEADER 00809nam0-22003011i-450- 001 990004216190403321 005 20080630123959.0 010 $a0-415-01033-0 035 $a000421619 035 $aFED01000421619 035 $a(Aleph)000421619FED01 035 $a000421619 100 $a19990604d1986----km-y0itay50------ba 101 0 $aeng 105 $ay-------001yy 200 1 $aJapanese$fJohn Hinds 210 $aLondon ; New York$cRoutledge$d1986 225 1 $aCroom Helm descriptive grammars series 610 0 $aLingua giapponese$aGrammatica 676 $a495.65 700 1$aHinds,$bJohn$0165936 801 0$aIT$bUNINA$gRICA$2UNIMARC 901 $aBK 912 $a990004216190403321 952 $a495.65 HIN 1$bBibl.34095$fFLFBC 959 $aFLFBC 996 $aJapanese$9482731 997 $aUNINA LEADER 01031cam0-2200349---450- 001 990005808770403321 005 20090825090705.0 010 $a88-7928-045-7 035 $a000580877 035 $aFED01000580877 035 $a(Aleph)000580877FED01 035 $a000580877 100 $a19990604d1992----km-y0itay50------ba 101 0 $aita 102 $aIT 105 $ay-------001yy 200 1 $aIntroduzione allo studio del teatro inglese$fRoberta Mullini, Romana Zacchi 210 $aCittą di Castello$cLa casa Usher$dc1992 215 $a240 p.$d22 cm 225 1 $aGuide teatro e spettacolo$iTeatri nazionali$v1 610 0 $aTeatro inglese$aSec. 14.-18. 676 $a792.0942 676 $a822.009 700 1$aMullini,$bRoberta$0154317 701 1$aZacchi,$bRomana$0154348 801 0$aIT$bUNINA$gRICA$2UNIMARC 901 $aBK 912 $a990005808770403321 952 $a792.094 MUL 1$b6348 DFM$fFLFBC 959 $aFLFBC 996 $aIntroduzione allo studio del teatro inglese$9568708 997 $aUNINA